| 000 | 00945cam a2200217 4500 | ||
|---|---|---|---|
| 001 | ##L131607 | ||
| 008 | 051118n2005 000 0 eng u | ||
| 035 | _a(Sirsi) u131607 | ||
| 041 | 0 | _aeng | |
| 050 | 0 | 4 | _a711.552 $1 8 |
| 100 | 1 | _aWood, Trevor | |
| 245 | 0 | 4 | _aThe definitive guide to retail and leisure parks 2006 |
| 260 |
_aHigh Wycombe _bTrevor Wood _aLondon _bSavills Commercial _c2005 |
||
| 300 |
_aix, 266p. _c30cm.+ _e1 supplement |
||
| 350 | _a345 | ||
| 520 | _aA detailed review of retail parks, shopping parks, retail and leisure parks, leisure parks, major leisure schemes and retail warehousing developments. Includes a market overview, league tables, proposed schemes, regional analysis and a glossary of terms used. The accompanying supplement provides an executive summary. | ||
| 690 | _aPROPERTY-COMMERCIAL PROPERTY-RETAIL PROPERTY | ||
| 710 | 2 |
_aTrevor Wood _94873 |
|
| 710 | 2 |
_aSavills Commercial _94872 |
|
| 942 | _n0 | ||
| 999 |
_c104793 _d104793 |
||